[Event "ECU-ch (Women)"]
[Site "Quito"]
[Date "2023.06.23"]
[Round "5"]
[White "Orbe Vivero, Ariadna Estefania"]
[Black "Bedoya Ramos, Andrea"]
[Result "1-0"]
[WhiteElo "1507"]
[BlackElo "1693"]
[PlyCount "91"]
[EventDate "2023.06.21"]
[EventType "swiss"]
[EventRounds "9"]
[EventCountry "ECU"]
[SourceTitle "CBM 215 Extra"]
[Source "ChessBase"]
[SourceDate "2023.09.30"]
[SourceVersion "1"]
[SourceVersionDate "2023.09.30"]
[SourceQuality "1"]

1. d4 Nf6 2. Nf3 g6 3. Bf4 Bg7 4. e3 d6 5. h3 0-0 6. Be2 Nc6 7. 0-0 e5 8. Bh2 exd4 9. exd4 Re8 10. Nbd2 Bf5 11. c3 Ne4 12. Nxe4 Bxe4 13. Nd2 Bf5 14. Bf4 Qf6 15. Be3 Rab8 16. Bf3 a6 17. Re1 g5 18. Nf1 Bg6 19. Ng3 Qd8 20. Qb3 h6 21. Bd2 Rxe1+ 22. Rxe1 Na5 23. Qd1 Nc4 24. Bc1 d5 25. Qe2 c6 26. b3 Nd6 27. Ba3 Nf5 28. Nxf5 Bxf5 29. Bh5 Bf6 30. Qf3 Be4 31. Qg3 Bg7 32. f3 Bf5 33. Be7 Qc8 34. Bd6 Ra8 35. Re7 Be6 36. Rc7 Qd8 37. Rxb7 Qa5 38. Bb4 Qxa2 39. Qc7 Qb1+ 40. Kh2 Qf5 41. Bd6 Rc8 42. Rb8 Rxb8 43. Qxb8+ Kh7 44. Qc7 Bd7 45. Bg4 Qf6 46. Qxd7 1-0

[Event "ECU pre olympic (Women)"]
[Site "Duran"]
[Date "2016.05.13"]
[Round "7"]
[White "Bedoya Ramos, Andrea"]
[Black "Arias Cango, Nathaly del Cisne"]
[Result "1-0"]
[WhiteElo "1784"]
[BlackElo "1742"]
[PlyCount "119"]
[EventDate "2016.05.09"]
[EventType "tourn"]
[EventRounds "11"]
[EventCountry "ECU"]
[SourceTitle "CBM 172 Extra"]
[Source "ChessBase"]
[SourceDate "2016.06.21"]
[SourceVersion "1"]
[SourceVersionDate "2016.06.21"]
[SourceQuality "1"]

1. e4 c5 2. Nc3 a6 3. f4 b5 4. Nf3 Bb7 5. d3 e6 6. Qe2 b4 7. Nd1 Be7 8. g3 Nf6 9. Nf2 d5 10. e5 Nfd7 11. Bg2 Nc6 12. 0-0 g6 13. Be3 Qb6 14. h3 h5 15. Rfd1 a5 16. c4 bxc3 17. bxc3 0-0 18. Rab1 Qc7 19. g4 h4 20. g5 Kg7 21. Ng4 Rh8 22. Bf2 Bf8 23. Nxh4 Ne7 24. Nf6 Nf5 25. Nxf5+ gxf5 26. Nxd7 Qxd7 27. h4 Rb8 28. Rb6 d4 29. c4 Bxg2 30. Rxb8 Qc6 31. Rdb1 Bh3 32. Bg3 Bg4 33. Qf2 Qa4 34. Qd2 Qc6 35. Rf1 Bh3 36. Rf2 Qa4 37. Rb5 Be7 38. Rxa5 Qc6 39. Qb2 Qc7 40. Rb5 Bd8 41. Qa3 Be7 42. Qb3 Bd8 43. a4 Bg4 44. a5 Qc6 45. Qa3 Be7 46. Rb6 Qa8 47. a6 Bf3 48. a7 Bxg5 49. fxg5 f4 50. Bh2 Rxh4 51. Rb8 Rg4+ 52. Kf1 Bg2+ 53. Ke1 Qc6 54. a8Q Qc7 55. Rg8+ Kh7 56. Rh8+ Kg6 57. Qg8+ Kf5 58. Qh7+ Kxe5 59. Qg7+ Kf5 60. Qf6# 1-0

[Event "ECU pre olympic (Women)"]
[Site "Duran"]
[Date "2016.05.13"]
[Round "8"]
[White "Ortiz Verdesoto, Anahi Eduarda"]
[Black "Bedoya Ramos, Andrea"]
[Result "1-0"]
[WhiteElo "1909"]
[BlackElo "1784"]
[PlyCount "117"]
[EventDate "2016.05.09"]
[EventType "tourn"]
[EventRounds "11"]
[EventCountry "ECU"]
[SourceTitle "CBM 172 Extra"]
[Source "ChessBase"]
[SourceDate "2016.06.21"]
[SourceVersion "1"]
[SourceVersionDate "2016.06.21"]
[SourceQuality "1"]

1. e4 e6 2. d4 d5 3. e5 c5 4. c3 Nc6 5. Nf3 Bd7 6. a3 c4 7. Nbd2 Na5 8. Rb1 Bc6 9. Be2 Qd7 10. b3 b5 11. b4 Nb7 12. Qc2 Ne7 13. 0-0 Nc8 14. Bd1 Nb6 15. Qb2 a6 16. Ne1 0-0-0 17. f4 f5 18. exf6 gxf6 19. Ndf3 Nd6 20. Nh4 f5 21. Nhf3 Bb7 22. Ne5 Qe7 23. Ra1 Bg7 24. Be3 Ne4 25. a4 Kc7 26. axb5 axb5 27. Ra5 Nd6 28. N1f3 Ra8 29. Bc2 Bf6 30. Bf2 Rhg8 31. Rxa8 Rxa8 32. Ra1 Rxa1+ 33. Qxa1 Qe8 34. Qe1 Ne4 35. Bh4 Qe7 36. Bxf6 Qxf6 37. Ng5 Nxg5 38. fxg5 Qxg5 39. Nf7 Qf6 40. Qg3+ f4 41. Qg8 Nd7 42. Qxh7 f3 43. Ne5 f2+ 44. Kf1 Bc8 45. Nf3 Kd6 46. Kxf2 Qf4 47. Qh4 Qc1 48. Qg3+ Kc6 49. Ne1 Qd2+ 50. Kf1 Nf6 51. Qf2 Qxf2+ 52. Kxf2 Ng4+ 53. Kg3 Ne3 54. h4 Nf1+ 55. Kf4 Kd7 56. Nf3 Ke7 57. Bd1 Bd7 58. Be2 Kf7 59. Bxf1 1-0

[Event "Capablanca Memorial op-B 48th"]
[Site "Havana"]
[Date "2013.04.27"]
[Round "6"]
[White "Bedoya Ramos, Andrea"]
[Black "Osorio Bedoya, Jeisson"]
[Result "0-1"]
[WhiteElo "1646"]
[BlackElo "1944"]
[PlyCount "144"]
[EventDate "2013.04.21"]
[EventType "swiss"]
[EventRounds "9"]
[EventCountry "CUB"]
[SourceTitle "CBM 154 Extra"]
[Source "ChessBase"]
[SourceDate "2013.06.25"]
[SourceVersion "2"]
[SourceVersionDate "2013.06.25"]
[SourceQuality "1"]

1. e4 c5 2. Nc3 Nc6 3. g3 g6 4. Bg2 Bg7 5. d3 d6 6. Be3 Nd4 7. Qd2 e6 8. Nd1 Ne7 9. c3 Ndc6 10. Bh6 0-0 11. h4 f5 12. h5 Qe8 13. Bxg7 Kxg7 14. hxg6 Qxg6 15. Ne2 e5 16. f3 Be6 17. Nf2 d5 18. b3 Rad8 19. exf5 Bxf5 20. g4 Be6 21. 0-0-0 c4 22. d4 cxb3 23. axb3 exd4 24. Nxd4 Nxd4 25. Qxd4+ Qf6 26. Qd2 Rc8 27. Kb2 b5 28. g5 Qf4 29. Qe2 Rc6 30. Rh6 Ng6 31. Rdh1 Bg8 32. Ng4 Qxg5 33. R6h5 Qe7 34. Qd2 Rf4 35. Nh6 Be6 36. Nf5+ Bxf5 37. Rxh7+ Kf6 38. Rxe7 Kxe7 39. Qxd5 Re6 40. Rh7+ Kf6 41. Qd8+ Re7 42. Rh6 Kf7 43. Qd5+ Kf6 44. Qxb5 Re5 45. Qa6+ Re6 46. Qb5 Re5 47. Qf1 Kg7 48. Rh2 Be6 49. Qf2 Rf7 50. Qd4 Rd7 51. Qb4 Rd2+ 52. Ka3 Ree2 53. Qb7+ Kf6 54. Rh7 Rxg2 55. Qg7+ Kg5 56. Qh6+ Kf6 57. Qg7+ Kg5 58. Qh6+ Kf5 59. Qh5+ Kf6 60. Qc5 a5 61. Ka4 Rd5 62. Qa3 Bd7+ 63. Rxd7 Rxd7 64. b4 axb4 65. Qxb4 Ra2+ 66. Kb3 Rda7 67. Qd6+ Kg7 68. Qd4+ Kh7 69. Qf6 R7a6 70. Qf7+ Kh6 71. Qd7 R6a3+ 72. Kc4 Ne5+ 0-1

[Event "Capablanca Memorial op-B 48th"]
[Site "Havana"]
[Date "2013.04.23"]
[Round "3"]
[White "Vigoa Apecheche, Yadira"]
[Black "Bedoya Ramos, Andrea"]
[Result "1-0"]
[WhiteElo "1958"]
[BlackElo "1646"]
[PlyCount "141"]
[EventDate "2013.04.21"]
[EventType "swiss"]
[EventRounds "9"]
[EventCountry "CUB"]
[SourceTitle "CBM 154 Extra"]
[Source "ChessBase"]
[SourceDate "2013.06.25"]
[SourceVersion "2"]
[SourceVersionDate "2013.06.25"]
[SourceQuality "1"]

1. e4 c5 2. Nc3 Nc6 3. f4 d6 4. Nf3 g6 5. Bc4 e6 6. 0-0 Bg7 7. f5 exf5 8. d3 Nf6 9. Qe1 0-0 10. Qh4 f4 11. Bxf4 Qd7 12. h3 a6 13. a3 b5 14. Ba2 Nh5 15. Bd2 Qa7 16. g4 Nf6 17. Bh6 c4+ 18. Kg2 Nd4 19. Bxg7 Kxg7 20. Rf2 Nxf3 21. Rxf3 Qd4 22. Rd1 Qe5 23. Rdf1 Ng8 24. dxc4 Be6 25. Qg3 bxc4 26. Qxe5+ dxe5 27. Nd5 Rab8 28. Rb1 Rfc8 29. Rc3 Nf6 30. Nxf6 Kxf6 31. Kg3 Kg7 32. Kf3 h6 33. Kg3 h5 34. gxh5 gxh5 35. Kh4 Kh6 36. Rf3 Rg8 37. Rf6+ Rg6 38. Rxg6+ fxg6 39. b3 g5+ 40. Kg3 Kg6 41. bxc4 Rxb1 42. Bxb1 Bxc4 43. h4 g4 44. c3 Kf6 45. Bc2 Ke6 46. Bd1 Bd3 47. Bb3+ Kf6 48. Bd5 Ke7 49. Kf2 Kd6 50. Bf7 Bxe4 51. Bxh5 Bf5 52. Kg3 Kd5 53. Bxg4 Bh7 54. Be2 a5 55. Kf3 Kc5 56. Ke3 Kd5 57. Bd3 e4 58. c4+ Ke5 59. Bc2 Bg6 60. c5 Kd5 61. c6 Kxc6 62. Bxe4+ Bxe4 63. Kxe4 Kb5 64. h5 Ka4 65. Kd3 Kxa3 66. Kc3 Ka2 67. h6 a4 68. Kc2 a3 69. h7 Ka1 70. h8Q+ Ka2 71. Qb8 1-0